Os 15 principais países afetados pela Covid-19 - 27 fev 2021 - Statistics

Estatísticas Gerais
  • Esse quiz foi jogado 16 vezes
  • A pontuação média é 17 de 27
Estatísticas das Respostas
país % Correto
Alemanha
100%
Brasil
100%
Estados Unidos
100%
França
100%
Índia
100%
Itália
100%
Reino Unido
100%
Argentina
93%
Espanha
93%
México
87%
Rússia
87%
Colômbia
80%
Portugal
80%
Bélgica
60%
Países Baixos
60%
Polônia
60%
Turquia
53%
Irão
47%
Suécia
47%
Suíça
47%
Panamá
33%
Israel
27%
Eslovénia
20%
Chéquia
13%
Bahrein
0%
Geórgia
0%
Lituânia
0%
Nenhum quiz correspondente encontrado
Distribuição das Pontuações
Porcentagem de Pessoas com Cada Pontuação
Percentil de Números Respondidos
Sua Pontuação Histórica
Você não jogou esse quiz